| 000 | 00625cam a2200145 4500500 | ||
|---|---|---|---|
| 005 | 20251228093424.0 | ||
| 041 | _afre | ||
| 042 | _adc | ||
| 100 | 1 | 0 |
_aMespoulet, Martine _eauthor |
| 245 | 0 | 0 | _aJames T. ANDREWS Science for the Masses. The Bolshevik State, Public Science, and the Popular Imagination in Soviet Russia, 1917-1934 AustinĀ : Texas A&M University Press, 2003, 234p. |
| 260 | _c2005. | ||
| 500 | _a23 | ||
| 786 | 0 | _nCahiers du monde russe | Vol 46 | 4 | 2005-11-01 | p. 859l-990l | 1252-6576 | |
| 856 | 4 | 1 | _uhttps://shs.cairn.info/revue-cahiers-du-monde-russe-2005-4-page-859l?lang=fr&redirect-ssocas=7080 |
| 999 |
_c1604338 _d1604338 |
||